000 00788nam a22002177a 4500
999 _c13201
_d13201
003 AR-CdUCM
008 190411b ||||| |||| 00| 0 spa d
040 _aMUNICIPALIDAD PROVINCIAL DEL CUSCO
_cBIBLIOTECA MUNICIPAL DEL CUSCO
082 _a370.59 /
_bM61 / 1947
110 _aMinisterio de guerra
_928783
245 _aLa audición pre militar :
_btodos los viernes por radio nacional del Perú - 1946 - /
260 _aLima :
_c1947.
300 _a152 páginas ;
_c20 cm.
505 _aContenido: alocuciones -- notas históricas -- notas varias.
650 _aJóvenes del Perú
_931453
650 _aInstrucción militar
_931454
650 _aGuerra
_91007
710 _aInspección general de instrucción pre militar
_931455
942 _2ddc
_cLIBROS
945 _adavv
_d11/04/2019